|
|
|
|
| LEADER |
00698nab a2200205 i 4500 |
| 001 |
acta19282 |
| 005 |
20251013154007.0 |
| 008 |
161015s1943 hu o 000 hun d |
| 040 |
|
|
|a SZTE Egyetemi Kiadványok Repozitórium
|b hun
|
| 041 |
|
|
|a hun
|
| 100 |
1 |
|
|a Banner János
|
| 245 |
1 |
0 |
|a Bálint Sándor
|h [elektronikus dokumentum] :
|b Az esztendő néprajza /
|c Banner János
|
| 260 |
|
|
|c 1943
|
| 300 |
|
|
|a 237-238
|
| 490 |
0 |
|
|a Délvidéki szemle
|v 2
|
| 650 |
|
4 |
|a Társadalomtudományok
|
| 650 |
|
4 |
|a Szociológia
|
| 695 |
|
|
|a Vallási néprajz - magyar - könyvismertetés
|
| 700 |
0 |
1 |
|a Bálint Sándor
|
| 856 |
4 |
0 |
|u http://acta.bibl.u-szeged.hu/19282/1/delvideki_szemle_002_237-238.pdf
|z Dokumentum-elérés
|